| 000 | 00399nam a22001697a 4500 | ||
|---|---|---|---|
| 005 | 20160531162124.0 | ||
| 008 | 160531b xxu||||| |||| 00| 0 eng d | ||
| 020 | _a978-81317-1842-1 | ||
| 041 | _aeng | ||
| 082 | _b6439 | ||
| 100 |
_aWhetten, David A & Others _91615 |
||
| 245 | _aDevelopment Management Skills | ||
| 260 | _bPearsons | ||
| 300 | _a647 | ||
| 650 |
_aManagement _9241 |
||
| 942 | _cBK | ||
| 999 |
_c2275 _d2274 |
||